Sports Quiz

Random Sports Quiz

Notre Dame Starting QBs since 1970 Quiz Stats

 Plays Quiz not verified by Sporcle

Support Sporcle.
Go Orange.
Score 0/38 Timer 06:00
0 Plays Today
Year QB % Correct
1975,1977-1978Joe Montana
90.4%
2003-2006Brady Quinn
89.7%
2007-2009Jimmy Clausen
85.9%
2012-presentEverett Golson
74.9%
1987-1989Tony Rice
69.9%
1990-1992Rick Mirer
67.8%
1970Joe Theismann
62.8%
1994-1997Ron Powlus
61.5%
1998-1999Jarious Jackson
57.5%
2001-2003Carlyle Holiday
51.4%
2007Demetrius Jones
49.6%
2000Arnaz Battle
44.3%
1983-1986Steve Beuerlein
43.1%
2010-presentTommy Rees
42.1%
2007Evan Sharpley
41.1%
1993Kevin McDougal
38.6%
2000-2001Matt LoVecchio
36.7%
1980-1983Blair Kiel
35.9%
2002Pat Dillingham
29.2%
Year QB % Correct
2009-2011Dayne Crist
28.6%
1972-1974Tom Clements
26.8%
2000Gary Godsey
26%
2011-presentAndrew Hendrix
23.2%
1995Tom Krug
21%
1971Cliff Brown
15%
1987Kent Graham
14.2%
1976-1978Rusty Lisch
14.2%
1985-1987Terry Andrysiak
9.9%
1998Eric Chappell
9.4%
1991,1993Paul Failla
8.3%
1975-1976Rick Slager
7.8%
1979,1981Tim Koegel
4.8%
1982Jim O'Hara
3.3%
1984Scott Grooms
3.1%
1979-1980Mike Courey
3.1%
1982Ken Karcher
2.9%
1971Bill Etter
2.9%
1971Pat Steenberge
2.8%

You're not logged in!

Compare scores with friends on all Sporcle quizzes.
OR
Log In

From the Vault

Fill in the Middle: Consonant Pairs

by Purple_Parrot

Two consonants and a vowel go into a bar...
Remove Ads.
Support Sporcle.
Get the best of Sporcle when you Go Orange. This ad-free experience offers more features, more stats, and more fun while also helping to support Sporcle. Thank you for becoming a member.

Show Comments

Extras

Top Quizzes Today


Score Distribution

Your Account Isn't Verified!

In order to create a playlist on Sporcle, you need to verify the email address you used during registration. Go to your Sporcle Settings to finish the process.

Report this User

Report this user for behavior that violates our Community Guidelines.

Details: